000 00303nam a22001337a 4500
003 SGT
020 _a9781543345025
082 _a612.015
_bRAN
100 _aRANDHAWA DR S.S
245 _aA TEXTBOOK OF MEDICAL BIOCHEMISTRY
260 _aINDIA
_bPEE VEE PUB
_c2023
300 _a451
942 _2ddc
_cBK
999 _c34446
_d34446